000 00699cam a2200229 4500
001 M91684
008 090401t1997 xxu||||| |||| 00| 0 eng d
035 _a(Sirsi) u99416
041 _aeng
110 _aRoyal Institution of Chartered Surveyors
_94900
245 _aProposal to restore price paid to the Land Register.
260 _aLondon
_bRICS
_c1997
300 _a8p. ; 30cm.
350 _a0
490 _aRICS Policy Unit Submission
_vPU/SUB/098
520 _aResponse to HM Land Registry consultation paper. Avaialble on the Internet at http://www.rics.org.uk/parliament/
650 _aLAND REGISTER
650 _aPRICE PAID
690 _aLAND
942 _n0
948 _c13/05/1998
999 _c99323
_d99323